000 00346nam a2200121Ia 4500
008 151021s9999 xx 000 0 und d
020 _a9.7804359098e+012
050 _aPZ4 .L178 1972
245 _a_In the Fog of the seasons end Alex La Guma
260 _aJohannesburg Heinneman 1972
650 _a_Novel
980 _a^d20131007 11:26:51^oanne
999 _c14397
_d14397